Undergraduate writing in psychology : learning to tell the scientific story /

Bibliographic Details
Main Author: Landrum, R. Eric
Format: Book
Language:English
Published: Washington, D.C. : American Psychological Association, [2012]
Edition:Rev. ed.
Subjects:

MARC

Tag First Indicator Second Indicator Subfields
LEADER 00000cam a2200000 a 4500
001 in00002781691
005 20150922121515.0
008 120405s2012 dcua b 001 0 eng
010 |a  2012013682 
020 |a 9781433812163 
020 |a 1433812169 
035 |a (OCoLC)ocn784708373 
040 |a DLC  |c DLC  |d UtOrBLW 
049 |a TXAM 
050 0 0 |a BF76.7  |b .L36 2012 
082 0 0 |a 808.06/615  |2 23 
100 1 |a Landrum, R. Eric. 
245 1 0 |a Undergraduate writing in psychology :  |b learning to tell the scientific story /  |c R. Eric Landrum. 
250 |a Rev. ed. 
264 1 |a Washington, D.C. :  |b American Psychological Association,  |c [2012] 
264 4 |c ©2012 
300 |a xii, 192 pages :  |b illustrations ;  |c 26 cm. 
336 |a text  |b txt  |2 rdacontent 
337 |a unmediated  |b n  |2 rdamedia 
338 |a volume  |b nc  |2 rdacarrier 
504 |a Includes bibliographical references (pages 175-182) and index. 
650 0 |a Psychology  |x Authorship  |x Study and teaching. 
945 |a PromptCat  |b 38642 
946 |a stk 
947 |a A14835993968 
994 |a 92  |b TXA 
948 |a Cataloged  |b h  |c 2012/10/3  |d c  |e EGrant 
999 |a MARS 
999 f f |s bc3acec1-194c-39ba-b97d-d83658ba7b9a  |i 81df0b29-92a4-32d0-b72c-4d841d8aeece  |t 0 
952 f f |p normal  |a Texas A&M University  |b College Station  |c Sterling C. Evans Library  |d Evans: Library Stacks  |t 0  |e BF76.7 .L36 2012  |h Library of Congress classification  |i unmediated -- volume  |m A14836003546 
998 f f |a BF76.7 .L36 2012  |t 0  |l Evans: Library Stacks